000 00665nam a2200265Ia 4500
005 20260121170332.0
008 008 260114s9999 xx 000 0 eng d
020 _a9789811078507
037 _aEBOOK
040 _aCRL
040 _beng
040 _cCRL
041 _2eng
041 _aeng
084 _qCRL
100 _aIlsun You, Fang-Yie Leu, Hsing-Chung Chen, Igor Kotenko
_91062642
245 0 _aMobile Internet Security
260 _bSpringer
260 _bSpringer
260 _c2018
856 _uhttps://link.springer.com/openurl?genre=book&isbn=978-981-10-7850-7
942 _cEBOOK
999 _c1628371
_d1628371